| 000 | 00837aam a2200289 i 4500 | ||
|---|---|---|---|
| 001 | 294 | ||
| 003 | CO-MdBIC | ||
| 005 | 20211030103026.0 | ||
| 008 | 211030t1948 sp ao||| |||| 00| 0 eng d | ||
| 040 |
_bspa. _aCO-MdFUSB _cCO-MdFUSB _dCO-MdFUSBC _erda |
||
| 041 | _aspa | ||
| 082 | 0 | 4 | _aR 282.09 S113h |
| 100 | 1 | _aSaba, Agustín | |
| 245 | 1 | 0 |
_aHistoria de los Papas / Agustín Saba _c/ |
| 260 | _aBarcelona, España : Labor | ||
| 264 | 1 |
_aBarcelona, España : _bLabor, _c[1948] |
|
| 264 | 4 | _c© 1948 | |
| 300 |
_a684 Pag. _c; |
||
| 336 |
_2rdacontent _atexto _btxt |
||
| 337 |
_2rdamedia _asin mediación _bn |
||
| 338 |
_2rdacarrier _avolumen _bnc |
||
| 505 | 0 | 0 | _aVol. 1 : Desde San Pedro a Calestino V. Vol. 2 : Desde Bonifacio VII a Pío XII |
| 653 | _aHistoria | ||
| 653 | _aPapas | ||
| 942 | _cBK | ||
| 945 | _aEstudiante | ||
| 999 |
_c31830 _d31830 |
||